FAO plant protection bulletin; 1989; N27.1

محفوظ في:
التفاصيل البيبلوغرافية
المؤلف الرئيسي: FAO
التنسيق: كتاب
اللغة:Undetermined
منشور في: Rome FAO 1989
الموضوعات:
الوسوم: إضافة وسم
لا توجد وسوم, كن أول من يضع وسما على هذه التسجيلة!
Thư viện lưu trữ: Trung tâm Học liệu Trường Đại học Cần Thơ
LEADER 00485nam a2200181Ia 4500
001 CTU_29197
008 210402s9999 xx 000 0 und d
082 |a 632 
082 |b P713/1989/N27.1 
100 |a FAO 
245 0 |a FAO plant protection bulletin; 1989; N27.1 
245 0 |c FAO 
260 |a Rome 
260 |b FAO 
260 |c 1989 
650 |a plant, protection of 
904 |i Nguyễn Quang Điền, 990313 
980 |a Trung tâm Học liệu Trường Đại học Cần Thơ